Chefs d'état important - Statistiques

Statistiques générales
  • Ce quiz a été pris 162 fois
  • Le résultat moyen est 88 sur 96
Statistiques - réponses
Question Tuile Select % Correct
Xi Jinping Président de la république populaire de chine Non
98%
Kamala Harris Candidate à la présidence Non
98%
Kamala Harris Candidate à la présidence Non
98%
Kim Jong Un Dirigeant suprême de la République populaire démocratique de Corée Non
97%
Kim Jong Un Dirigeant suprême de la République populaire démocratique de Corée Non
97%
Donald Trump, Candidat à la présidence Non
97%
Donald Trump, Candidat à la présidence Non
97%
Narendra Modi, Premier ministre indien Non
97%
Joe biden, Président américain Non
97%
Joe biden, Président américain Non
97%
Tim Walz, Colistier démocrate Non
97%
Tim Walz, Colistier démocrate Non
97%
Xi Jinping Président de la république populaire de chine Non
96%
Donald Trump, Candidat à la présidence Oui
96%
Donald Trump, Candidat à la présidence Non
96%
Keir Starmer, Royaume-Uni Non
96%
Keir Starmer, Royaume-Uni Non
96%
Narendra Modi, Premier ministre indien Non
96%
Joe biden, Président américain Oui
96%
Joe biden, Président américain Non
96%
Nicolas Maduro, Vénézuela Non
96%
Victor Orban, Hongrie Non
96%
Victor Orban, Hongrie Non
96%
Xi Jinping Président de la république populaire de chine Non
95%
Kim Jong Un Dirigeant suprême de la République populaire démocratique de Corée Oui
95%
Kim Jong Un Dirigeant suprême de la République populaire démocratique de Corée Non
95%
Claudia Sheinbaum, Mexique Non
95%
Claudia Sheinbaum, Mexique Non
95%
Narendra Modi, Premier ministre indien Non
95%
Antonio Guterres Secrétaire général de l'ONU Non
95%
Nicolas Maduro, Vénézuela Non
95%
Kamala Harris Candidate à la présidence Oui
95%
Kamala Harris Candidate à la présidence Non
95%
Olaf Scholz, Allemagne Non
95%
Olaf Scholz, Allemagne Non
95%
Emmanuel Macron, Président français Oui
95%
Emmanuel Macron, Président français Non
95%
Emmanuel Macron, Président français Non
95%
Emmanuel Macron, Président français Non
95%
Volodymyr Zelenskyy, Ukraine Oui
95%
Volodymyr Zelenskyy, Ukraine Non
95%
Volodymyr Zelenskyy, Ukraine Non
95%
Volodymyr Zelenskyy, Ukraine Non
95%
Fumio Kishida, Japon Oui
95%
Fumio Kishida, Japon Non
95%
Fumio Kishida, Japon Non
95%
Fumio Kishida, Japon Non
95%
Mohammed Ben Salmane Prince héritier, Arabie Saoudite Non
95%
Mohammed Ben Salmane Prince héritier, Arabie Saoudite Non
95%
J.D. Vance, colistier républicain Non
95%
J.D. Vance, colistier républicain Non
95%
Luis Inacia Lula da Silva, Président brésilien Non
95%
Vladimir Poutine Oui
95%
Vladimir Poutine Non
95%
Vladimir Poutine Non
95%
Vladimir Poutine Non
95%
Benyamin Netanyahou, Premier ministre israélien Oui
95%
Benyamin Netanyahou, Premier ministre israélien Non
95%
Benyamin Netanyahou, Premier ministre israélien Non
95%
Benyamin Netanyahou, Premier ministre israélien Non
95%
Narendra Modi, Premier ministre indien Oui
94%
Massoud Pezeshkian, Président iranien Non
94%
Massoud Pezeshkian, Président iranien Non
94%
Luis Inacia Lula da Silva, Président brésilien Non
94%
Xi Jinping Président de la république populaire de chine Oui
93%
Antonio Guterres Secrétaire général de l'ONU Non
93%
Giorgia Melloni, Italie Non
92%
Alexandre Loukachenko Non
92%
Olaf Scholz, Allemagne Oui
92%
Mohammed Ben Salmane Prince héritier, Arabie Saoudite Non
92%
Giorgia Melloni, Italie Non
91%
Olaf Scholz, Allemagne Non
91%
Mohammed Ben Salmane Prince héritier, Arabie Saoudite Oui
91%
Luis Inacia Lula da Silva, Président brésilien Oui
90%
Luis Inacia Lula da Silva, Président brésilien Non
90%
Giorgia Melloni, Italie Non
89%
J.D. Vance, colistier républicain Oui
89%
J.D. Vance, colistier républicain Non
89%
Giorgia Melloni, Italie Oui
88%
Claudia Sheinbaum, Mexique Oui
86%
Claudia Sheinbaum, Mexique Non
86%
Keir Starmer, Royaume-Uni Oui
85%
Nicolas Maduro, Vénézuela Oui
85%
Alexandre Loukachenko Non
85%
Nicolas Maduro, Vénézuela Non
84%
Keir Starmer, Royaume-Uni Non
83%
Antonio Guterres Secrétaire général de l'ONU Non
80%
Antonio Guterres Secrétaire général de l'ONU Oui
79%
Alexandre Loukachenko Non
77%
Victor Orban, Hongrie Oui
76%
Victor Orban, Hongrie Non
73%
Alexandre Loukachenko Oui
68%
Tim Walz, Colistier démocrate Oui
67%
Massoud Pezeshkian, Président iranien Non
67%
Massoud Pezeshkian, Président iranien Oui
67%
Tim Walz, Colistier démocrate Non
65%
Aucun quiz correspondant
Distribution des résultats
% des personnes avec chaque résultat
Percentile par nombre de réponses
Votre historique - résultats
Vous n’avez pas pris ce quiz